Output and employment in the construction industry (Record no. 78853)

MARC details
000 -LEADER
fixed length control field 01402cad a22002175a 4500
001 - CONTROL NUMBER
control field L138402
008 - FIXED-LENGTH DATA ELEMENTS--GENERAL INFORMATION
fixed length control field 070604e20070601xxk f s f000 0 eng d
035 ## - SYSTEM CONTROL NUMBER
System control number (Sirsi) u138402
041 0# - LANGUAGE CODE
Language code of text/sound track or separate title eng
110 1# - MAIN ENTRY--CORPORATE NAME
Corporate name or jurisdiction name as entry element United Kingdom
Subordinate unit Department of Trade and Industry
245 00 - TITLE STATEMENT
Title Output and employment in the construction industry
Remainder of title first quarter 2007
Medium [electronic resource]
260 ## - PUBLICATION, DISTRIBUTION, ETC.
Date of publication, distribution, etc. 2007
490 #0 - SERIES STATEMENT
Series statement GNN Press Release
Volume/sequential designation (147675P) 1 June 2007
520 ## - SUMMARY, ETC.
Summary, etc. In the year to the first quarter of 2007, the total volume of construction output increased by 2% compared to the previous year. In the first quarter of 2007, output increased by 1% compared to the fourth quarter of 2006 in volume terms and by 2% in current prices. In the year to the first quarter of 2007, the total volume of new work was 5% higher compared to the previous year, but remained unchanged in the first quarter of 2007 when compared with the previous quarter. The number of employees in employment (seasonally adjusted) in April 2007 was up 2% compared with January 2007 and up 4% compared with April 2006.
590 ## - LOCAL NOTE (RLIN)
Local note KA
650 24 - SUBJECT ADDED ENTRY--TOPICAL TERM
Topical term or geographic name entry element DBERR OUTPUT AND EMPLOYMENT IN THE CONSTRUCTION INDUSTRY
651 #4 - SUBJECT ADDED ENTRY--GEOGRAPHIC NAME
Geographic name Great Britain
Chronological subdivision 1707-
690 ## - LOCAL SUBJECT ADDED ENTRY--TOPICAL TERM (OCLC, RLIN)
Topical term or geographic name as entry element BUILT ENVIRONMENT-CONSTRUCTION MARKET
856 40 - ELECTRONIC LOCATION AND ACCESS
Uniform Resource Identifier <a href="https://stats.bis.gov.uk/construction/output/200706/index.asp">https://stats.bis.gov.uk/construction/output/200706/index.asp</a>
Public note View the item free of charge at stats.bis.gov.uk
942 ## - ADDED ENTRY ELEMENTS (KOHA)
Suppress in OPAC 0
Holdings
Withdrawn status Lost status Source of classification or shelving scheme Damaged status Not for loan Home library Current library Shelving location Date acquired Total Checkouts Full call number Barcode Date last seen Copy number Price effective from Koha item type
    Dewey Decimal Classification     Virtual Virtual Online 04/06/2007   ONLINE PUBLICATION 138402-2001 06/08/2019 1 06/08/2019 Journal article